01111 2200205 4500001002100000005001500021035002000036007000300056008004100059020002200100082001400122084002000136100002800156245006200184260004200246300005000288700002400338520051100362600003200873INLIS00000000000233720260408074940 a0010-0426000015ta260408 j 1 ind  a978-602-9351-57-6 a889.221.3 a889.221.3 DIA p0 aDiah Cmut ( Pengarang )1 aPermen-permen kastil lolli /cDiah Cmut; editor, D. Liana aSurakarta :bPustaka Pawiyatan,c2020 a86 hlm :biIus,bergambar,hitam putih ;c21 cm0 aD. Liana ( Editor ) aAku akan membebaskanmu, asal kamu berhenti membuat permen unyuk anak-anak.Tidak mungkin. Anak-anak akan bersedih jika tidak ada permen lagi, sahut peri Lulu. Peri Odi dan peri Lulu bertengkar. Peri Lulu mengatakan anak-anak sakit gigi karena mereka tidak mau sikat gigi sebab pasta gigi buatan kastil Odi tidak enak. SEmentara,peri Odi mengatakan bahwa permen-permen buatan kastil loli yang menyebabkan anak-anak sakit gigi. Sebenarnya siapa yang salah ? Peri LUlu ap peri Odi ? Yuk, kita baca ceritanya ! 4aFiksi kanak kanak indonesia